Kształty państw do góry nogami #6 - Statystyki

Ogólne statystyki
  • Ten quiz został rozwiązany 136 razy
  • Średni wynik to 10 z 14
Statystyki odpowiedzi
Obrazkowy Odpowiedź % Poprawnych
Demokratyczna Republika Konga
89%
Filipiny
83%
Rosja
83%
Austria
82%
Dania
78%
Czad
76%
Niger
74%
Irak
71%
Paragwaj
70%
Singapur
64%
Gwinea Równikowa
58%
Bahamy
56%
Bahrajn
38%
Vanuatu
38%
Nie znaleziono quizów pasujących do podanych kryteriów
Rozkład punktacji
Procent ludzi z każdym wynikiem
Percentyl według liczby udzielonych odpowiedzi
Twoja historia wyników
Nie rozwiązałeś tego quizu